| 000 | 00577nam a2200205 a 4500 | ||
|---|---|---|---|
| 005 | 20140310183512.0 | ||
| 008 | 021016s19uu xx 00 eng d | ||
| 020 | _a9789715847452 | ||
| 050 |
_aRT 41 _b.P123 2008 |
||
| 100 | _aPadilla, Maria Teresa C. | ||
| 245 |
_aFundamentals of Nursing : _bchecklist. / _cMaria Teresa C. Padilla. |
||
| 260 |
_aPhilippines : _bC&E Publishing, _c2008. |
||
| 300 |
_a256 p. : _bill. ; _c25 cm. |
||
| 521 | _aNUR | ||
| 650 | _aNursing | ||
| 650 | _aNursing process | ||
| 650 | _aNursing care | ||
| 942 |
_cBK _2lcc _kLOC |
||
| 999 |
_c24208 _d24208 |
||